01286 a2200181 45000010006000000050017000060080041000230030015000640400040000790800088001192450039002070200018002462640068002643000019003325050696003511000022010477000035010692688420260407155546.0260407a1976 arg spa dAR-UNSa-BCEJYS aAR-UNSa-BCEJYSbspacAR-UNSa-BCEJYS a504.06xProtección del medio ambiente. Gestión de la calidad del medio ambiente10aLa protección del medio ambiente a84-7088-066-7 1aMadrid :bInstituto de Estudios de Administración Localc1976 a599 p.c25 cm. a1. Los factores de calidad para la protección ambiental - 2. Algunos principios de epidemiología y de las ciencias en que se apoya la protección ambiental - 3. Empleo por el hombre de los recursos de agua - 4. Tratamiento de deyecciones y aguas residuales - 5. Nuestro medio ambiente atmosferico - 6. Administración de los residuos sólidos - 7. Control de los transmisores - 8. Protección de los alimentos desde su producción hasta el consumo - 9. La radiación ionizante y su control - 10. La energía electromagnética en la gama de la luz ultravioleta, la luz visible, los rayos laser, las frecuencias de radio y las microondas - 11. Las energías del calor y del sonido1 aChanlett, Emil T.1 aVázquez Vaamonde, Alfonso J.